| 000 | 00617nam a2200181 i 4500 | ||
|---|---|---|---|
| 001 | 27026 | ||
| 003 | ES-MaACL | ||
| 005 | 20230906153538.0 | ||
| 007 | t| | ||
| 008 | 030113s1948 sp ||||1| spa d | ||
| 100 | 1 |
_aAsín Palacios, Miguel. _923614 |
|
| 245 | 1 | 0 |
_aObras escogidas / _cMiguel Asín Palacios. |
| 260 |
_aMadrid : _bInstituto "Miguel Asín". Escuelas de Estudios Arabes de Madrid y Granada, _c1948 ( _fMaestre) |
||
| 300 |
_aVIII, 624 p., 5 lám. ; _c24 cm. |
||
| 505 | 8 | _aContiene: T. I, III: De historia y Filología árabe | |
| 710 | 2 |
_aInstituto "Miguel Asín" _95132 |
|
| 852 |
_aES-MaACL _jB-13906 |
||
| 999 |
_c27026 _d27026 |
||